000 00272 a2200085 4500
020 _a9791254930144
100 _aPaola Savoldi Paolo Pileri, Cristina Renzoni
245 _aSchool squares: Reinventing the dialogue between school and city
260 _b‎ Edizioni Corraini
_c2022
999 _c13318
_d13318